000 00654cam a22002173a 4500
001 37942
003 PGUSA
005 20140828083831.0
008 111106s2011||||xxu|||||s|||||000 | eng d
040 _aPGUSA
_beng
042 _adc
100 1 _aJabez, Brother
245 1 2 _aA Tale of the Kloster :
_bA Romance of the German Mystics at the Cocalico
_h[electronic resource] /
_cBrother Jabez
260 _bProject Gutenberg,
_c2011
506 _aPublic domain in the USA.
516 _aElectronic text
700 1 _aMcKernan, Frank,
_d1861-1934
830 0 _aProject Gutenberg
_v37942
856 4 0 _uhttp://www.gutenberg.org/ebooks/37942
942 _cEB
999 _c267196
_d267196